Stavebné tabuľky. Prehľad výrobkov a služieb v stavebníctve /

Salvato in:
Dettagli Bibliografici
Autori principali: Chromík, Róbert (Autore), Klein, Štefan (Autore)
Natura: Libro
Lingua:slovacco
Pubblicazione: Bratislava : Art-projekt, 1996
Edizione:1. vyd.
Tags: Aggiungi Tag
Nessun Tag, puoi essere il primo ad aggiungerne!!

MARC

LEADER 00000nam a22000003a 4500
001 stu32685
005 20150617225655.4
008 970604s1996----xo------------------slo-d
020 |a 80-967597-0-1 
040 |a STU  |b slo 
041 0 |a slo 
044 |a xo 
100 1 |a Chromík, Róbert  |4 aut 
245 1 |a Stavebné tabuľky. Prehľad výrobkov a služieb v stavebníctve /  |c [aut.] Chromík,Róbert; Klein,Štefan 
250 |a 1. vyd. 
260 |a Bratislava :  |b Art-projekt,  |c 1996 
300 |a 223 s 
700 1 |a Klein, Štefan  |4 aut 
996 |b J93088  |c J*93088  |l JJK2  |s P  |a 0  |w stu32685_0001